Tri roky po oslobodení Ekonomická situácia v Kuvajte sa zlepšuje

Obnova Kuvajtskej ekonomiky a jej návrat na cestu rozvoja. Obnovenie vývozu ropy. Obchodná bilancia dva roky po oslobodení Kuvajtu. Uskutočňovanie privatizačného plánu, možnosti na vytvorenie konkurenčných trhov. Reforma daňových zákonov.

Gespeichert in:
Bibliographische Detailangaben
1. Verfasser: Kálaj, J.
Format: Buchkapitel
Sprache:Slowakisch
Schlagworte:
Tags: Tag hinzufügen
Keine Tags, Fügen Sie das erste Tag hinzu!

MARC

LEADER 00000naa a2200000 4500
001 r015161
005 20221213114250.7
041 0 |a slo 
044 |a SK 
245 1 0 |a Tri roky po oslobodení  |b Ekonomická situácia v Kuvajte sa zlepšuje  |c J. Kálaj 
520 |a Obnova Kuvajtskej ekonomiky a jej návrat na cestu rozvoja. Obnovenie vývozu ropy. Obchodná bilancia dva roky po oslobodení Kuvajtu. Uskutočňovanie privatizačného plánu, možnosti na vytvorenie konkurenčných trhov. Reforma daňových zákonov. 
610 2 0 |a Kuvajt 
610 2 0 |a situácia hospodárska 
610 2 0 |a bilancia obchodná 
610 2 0 |a 1993 
100 1 |a Kálaj, J.